[Event "Baia Mare Castanelor Cup 7th"]
[Site "Baia Mare"]
[Date "2021.11.29"]
[Round "7"]
[White "Minescu, Dragos Olivar"]
[Black "Bejan, Silvestru"]
[Result "1/2-1/2"]
[WhiteElo "2037"]
[BlackElo "1559"]
[PlyCount "37"]
[EventDate "2021.11.28"]
[EventType "swiss (rapid)"]
[EventRounds "9"]
[EventCountry "ROU"]
[SourceTitle "CBM 205 Extra"]
[Source "ChessBase"]
[SourceDate "2022.01.31"]
[SourceVersion "1"]
[SourceVersionDate "2022.01.31"]
[SourceQuality "1"]

1. c4 e6 2. Nc3 c5 3. Nf3 Nf6 4. d4 cxd4 5. Nxd4 a6 6. e4 Nc6 7. Be2 Bc5 8. Nc2 0-0 9. 0-0 b6 10. a3 Bb7 11. b4 Be7 12. Be3 Ne5 13. Bd4 Nc6 14. Be3 Ne5 15. Qd4 Neg4 16. e5 Nxe3 17. Nxe3 Ne8 18. Rfd1 d6 19. Na4 1/2-1/2

[Event "Iasi op"]
[Site "Iasi"]
[Date "2014.05.11"]
[Round "2"]
[White "Zoabi, Adi"]
[Black "Bejan, Silvestru"]
[Result "0-1"]
[WhiteElo "1919"]
[BlackElo "1676"]
[PlyCount "35"]
[EventDate "2014.05.10"]
[EventType "swiss"]
[EventRounds "9"]
[EventCountry "ROU"]
[SourceTitle "CBM 160 Extra"]
[Source "ChessBase"]
[SourceDate "2014.07.01"]
[SourceVersion "1"]
[SourceVersionDate "2014.07.01"]
[SourceQuality "1"]

1. d4 d5 2. c4 e6 3. Nf3 Nf6 4. g3 b6 5. Bg2 Bb7 6. Ne5 Nbd7 7. Qa4 Be7 8. Nc6 Bxc6 9. Qxc6 0-0 10. 0-0 Rc8 11. cxd5 exd5 12. Bxd5 Nb8 13. Qa4 Qxd5 14. Nc3 Qb7 15. Rd1 Rfd8 16. Bf4 a6 17. Qb3 Nc6 18. Be3 0-1

[Event "World Amateur-ch"]
[Site "Iasi"]
[Date "2013.04.28"]
[Round "7"]
[White "Hrib, Andrada Ioana"]
[Black "Bejan, Silvestru"]
[Result "0-1"]
[WhiteElo "1545"]
[BlackElo "1735"]
[PlyCount "88"]
[EventDate "2013.04.22"]
[EventType "swiss"]
[EventRounds "9"]
[EventCountry "ROU"]
[SourceTitle "CBM 154 Extra"]
[Source "ChessBase"]
[SourceDate "2013.06.25"]
[SourceVersion "2"]
[SourceVersionDate "2013.06.25"]
[SourceQuality "1"]

1. d4 Nf6 2. Nf3 e6 3. Bg5 Be7 4. e3 d5 5. Bd3 0-0 6. Nbd2 Nbd7 7. c3 c5 8. 0-0 b6 9. Ne5 Bb7 10. Qa4 a6 11. Qd1 cxd4 12. exd4 Ne4 13. Bxe7 Qxe7 14. Qe2 f5 15. f3 Nxd2 16. Qxd2 Qd6 17. f4 Nf6 18. Rf3 Ne4 19. Qe1 Qe7 20. Rh3 Rad8 21. Qe2 b5 22. Bxe4 dxe4 23. Qh5 h6 24. Ng6 Qf6 25. Nxf8 Rxf8 26. Re1 b4 27. Ree3 bxc3 28. bxc3 a5 29. Reg3 Kh7 30. Qg5 Qf7 31. Qh5 Qf6 32. Qd1 Ba6 33. Qa4 Qd8 34. Qc6 Bd3 35. Qxe6 Rf6 36. Qb3 Rb6 37. Qa3 Qb8 38. Rxd3 Rb1+ 39. Kf2 Qxf4+ 40. Rdf3 exf3 41. Rxf3 Qd2+ 42. Kg3 Rg1 43. Qd6 Qxg2+ 44. Kf4 Qxh2+ 0-1

[Event "World Amateur-ch"]
[Site "Iasi"]
[Date "2013.04.27"]
[Round "6"]
[White "Bejan, Silvestru"]
[Black "Fotache, Tudor Felix"]
[Result "0-1"]
[WhiteElo "1735"]
[BlackElo "1524"]
[PlyCount "84"]
[EventDate "2013.04.22"]
[EventType "swiss"]
[EventRounds "9"]
[EventCountry "ROU"]
[SourceTitle "CBM 154 Extra"]
[Source "ChessBase"]
[SourceDate "2013.06.25"]
[SourceVersion "2"]
[SourceVersionDate "2013.06.25"]
[SourceQuality "1"]

1. d4 Nf6 2. c4 e6 3. Nf3 Be7 4. e3 0-0 5. Nbd2 d5 6. a3 a5 7. Be2 b6 8. b3 Bb7 9. 0-0 Nbd7 10. Bb2 Ne4 11. cxd5 exd5 12. Rc1 Rc8 13. Nxe4 dxe4 14. Nd2 c5 15. Bc4 Kh8 16. Qe2 Ra8 17. Nb1 f5 18. Rfd1 Qc7 19. Be6 Rad8 20. Bc4 Nf6 21. dxc5 Bxc5 22. Nc3 Ng4 23. g3 Ne5 24. Nb5 Qe7 25. Rxd8 Nf3+ 26. Kg2 Rxd8 27. Rd1 Rf8 28. Bd5 Ba6 29. a4 Qg5 30. Bc6 Bc8 31. Nd6 Qg4 32. Bb5 Be6 33. h3 Nh4+ 34. Kh2 Nf3+ 35. Kg2 Nh4+ 36. Kh2 Nf3+ 37. Kg2 Qh5 38. Nb7 f4 39. Bxg7+ Kxg7 40. Qb2+ Bd4 41. g4 Bxg4 42. Rh1 Bxb2 0-1